| 000 | 00560cam a2200217ua 4500 | ||
|---|---|---|---|
| 001 | 11788 | ||
| 005 | 20260515114811.0 | ||
| 008 | 191107n ii |||gr||||Z||||||eng | ||
| 020 | _a9788125040132 | ||
| 040 | _cMAIN | ||
| 041 | _aeng | ||
| 082 | _a320.954 | ||
| 100 |
_aRajni Kothari, _eEditor. |
||
| 245 |
_aCaste in indian politics _cEd by Rajni Kothari and James Manor |
||
| 250 | _a2nd ed rep. | ||
| 260 |
_aHyderabad: _bOrient blackswan, _c2017. |
||
| 300 | _a363p. | ||
| 653 | _aPolitical science | ||
| 700 |
_aJames Manor, _eEditor. |
||
| 942 | _cBK | ||
| 999 |
_c10571 _d10571 |
||